| 000 -LEADER |
| fixed length control field |
02627 a2200325 4500 |
| 003 - CONTROL NUMBER IDENTIFIER |
| control field |
Nust |
| 005 - DATE AND TIME OF LATEST TRANSACTION |
| control field |
20230127121026.0 |
| 010 ## - LIBRARY OF CONGRESS CONTROL NUMBER |
| LC control number |
98195865 |
| 020 ## - INTERNATIONAL STANDARD BOOK NUMBER |
| International Standard Book Number |
0192834061 |
| 040 ## - CATALOGING SOURCE |
| Transcribing agency |
Nust |
| 082 00 - DEWEY DECIMAL CLASSIFICATION NUMBER |
| Classification number |
823.8,HAR |
| 100 1# - MAIN ENTRY--PERSONAL NAME |
| Personal name |
Hardy, Thomas, |
| 9 (RLIN) |
27910 |
| 245 14 - TITLE STATEMENT |
| Title |
The return of the native / |
| Statement of responsibility, etc. |
Thomas Hardy ; edited with an introduction and notes on revisions by Simon Gatrell ; explanatory notes by Nancy Barrineau. |
| 260 ## - PUBLICATION, DISTRIBUTION, ETC. |
| Place of publication, distribution, etc. |
Oxford [England] ; |
| -- |
New York : |
| Name of publisher, distributor, etc. |
Oxford University Press, |
| Date of publication, distribution, etc. |
1998. |
| 300 ## - PHYSICAL DESCRIPTION |
| Extent |
xxxvii, 473 p. ; |
| Dimensions |
20 cm. |
| 490 1# - SERIES STATEMENT |
| Series statement |
Oxford world's classics |
| 505 ## - FORMATTED CONTENTS NOTE |
| Formatted contents note |
A Face on which time makes but little Impression (Page-3), Humanity appears upon the Scene hand in hand with Trouble (Page-7), The Custom of the Country (Page-13), The Halt on the Turnpike-Road (Page-33), Perplexity among honest people (Page-38), The Figure against the Sky (Page-50), Queen of Night (Page-63), Those who are found where there is said to be nobody (Page-69), Love Leads a Shrewd man (Page-74), Tidings of the Comer (Page-105), The People at Blooms end make Ready (Page-110), Eustacia is Led onto an Adventure (Page-120), Through the Moonlight (Page-130), A Coalition between Beauty and oddness (Page-148), Firmness is Discovered in a Gentle Heart (Page-157), My Mind to me a Kingdom The New Course causes Disappointment (Page-174), Sharp words are Spoken and a Crisis Ensues (Page-203), The Morning and the Evening of an Evenful Day (Page-217), A New force Disturbs the Current (Page-230), The Rencounter by the Pool (Page-241), He is set upon by Adversities (Page-248), She Goes out to Battle Against Depression (Page-258), The Tragical Meeting of two old Friends (Page-292), Eustacia hears of Good Fortune (Page-300), Wherefore is Light given to him (Page-311), A Lurid Light Breaks in upon a Darkened (Page-319), Thomasin Argues with the Cousin (Page-347), Rain Darkness and Anzious Wanderers (Page-362), Sights and Sounds draw the Wanderers together (Page-372), The Inevitable Movement Onward (Page-385), Thomasin Walks in a Green Place (Page-394), Cheerfulness again asserts itself at Blooms end and Clym finds his Acocation (Page-403) |
| 650 #0 - SUBJECT ADDED ENTRY--TOPICAL TERM |
| Topical term or geographic name entry element |
Adultery |
| 9 (RLIN) |
107877 |
| 650 #0 - SUBJECT ADDED ENTRY--TOPICAL TERM |
| Topical term or geographic name entry element |
Heathlands |
| 9 (RLIN) |
27965 |
| 650 #0 - SUBJECT ADDED ENTRY--TOPICAL TERM |
| Topical term or geographic name entry element |
Mate selection |
| 9 (RLIN) |
107878 |
| 650 #0 - SUBJECT ADDED ENTRY--TOPICAL TERM |
| Topical term or geographic name entry element |
Mothers and sons |
| 9 (RLIN) |
27964 |
| 650 #0 - SUBJECT ADDED ENTRY--TOPICAL TERM |
| Topical term or geographic name entry element |
People with visual disabilities |
| 9 (RLIN) |
27963 |
| 651 #0 - SUBJECT ADDED ENTRY--GEOGRAPHIC NAME |
| Geographic name |
Wessex (England) |
| 655 #7 - INDEX TERM--GENRE/FORM |
| Genre/form data or focus term |
Didactic fiction. |
| 9 (RLIN) |
1062 |
| 655 #7 - INDEX TERM--GENRE/FORM |
| Genre/form data or focus term |
Love stories. |
| 700 1# - ADDED ENTRY--PERSONAL NAME |
| Personal name |
Barrineau, Nancy. |
| 9 (RLIN) |
107879 |
| 700 1# - ADDED ENTRY--PERSONAL NAME |
| Personal name |
Gatrell, Simon. |
| 9 (RLIN) |
107880 |
| 830 #0 - SERIES ADDED ENTRY--UNIFORM TITLE |
| Uniform title |
Oxford world's classics (Oxford University Press) |
| 9 (RLIN) |
11781 |
| 942 ## - ADDED ENTRY ELEMENTS (KOHA) |
| Source of classification or shelving scheme |
|
| Koha item type |
Book |